[Event "BL2-West 2324"]
[Site "Germany"]
[Date "2024.03.17"]
[Round "10.1"]
[White "Hoffmann, Michael"]
[Black "Kuzubov, Yuriy"]
[Result "1/2-1/2"]
[WhiteElo "2412"]
[BlackElo "2625"]
[PlyCount "55"]
[EventDate "2023.10.21"]
[EventType "team-tourn"]
[EventRounds "10"]
[EventCountry "GER"]
[SourceTitle "EXT 2025"]
[Source "ChessBase"]
[SourceDate "2024.10.14"]
[SourceVersion "1"]
[SourceVersionDate "2024.10.14"]
[SourceQuality "1"]
[WhiteTeam "Siegburg"]
[BlackTeam "Bad Wolfhagen Emstal"]
[WhiteTeamCountry "GER"]
[BlackTeamCountry "GER"]

1. Nf3 d5 2. e3 Nf6 3. c4 e6 4. b3 c5 5. cxd5 exd5 6. d4 Nc6 7. Be2 cxd4 8. Nxd4 Bb4+ 9. Bd2 Bd6 10. Bc3 0-0 11. Nd2 Bd7 12. 0-0 Qe7 13. Bb2 Rac8 14. Nxc6 bxc6 15. Rc1 Rfe8 16. g3 Bf5 17. Bxf6 Qxf6 18. Bg4 Bxg4 19. Qxg4 Qb2 20. Nf3 Qxa2 21. Nd4 h5 22. Qxh5 Qa6 23. Qg4 Qb7 24. Rfd1 Bf8 25. Rd3 c5 26. Ne2 d4 27. exd4 cxd4 28. Rcd1 1/2-1/2

[Event "BL2-West 2324"]
[Site "Germany"]
[Date "2024.02.24"]
[Round "7.1"]
[White "Hoffmann, Michael"]
[Black "Dominguez Perez, Leinier"]
[Result "0-1"]
[WhiteElo "2412"]
[BlackElo "2745"]
[PlyCount "70"]
[EventDate "2023.10.21"]
[EventType "team-tourn"]
[EventRounds "10"]
[EventCountry "GER"]
[SourceTitle "EXT 2025"]
[Source "ChessBase"]
[SourceDate "2024.10.14"]
[SourceVersion "1"]
[SourceVersionDate "2024.10.14"]
[SourceQuality "1"]
[WhiteTeam "Siegburg"]
[BlackTeam "Duesseldorf"]
[WhiteTeamCountry "GER"]
[BlackTeamCountry "GER"]

1. e4 c5 2. Nf3 d6 3. d4 cxd4 4. Nxd4 Nf6 5. Nc3 a6 6. Be3 e5 7. Nf3 Be7 8. h3 Qc7 9. g4 h6 10. g5 hxg5 11. Nxg5 b5 12. Nd5 Nxd5 13. Qxd5 Bxg5 14. Bxg5 Bb7 15. Qd3 Nd7 16. 0-0-0 Rc8 17. f3 Nc5 18. Qe2 Ne6 19. Be3 f5 20. Qg2 f4 21. Bg1 0-0 22. Rh2 Qa5 23. Kb1 d5 24. Qg4 Rfe8 25. exd5 Bxd5 26. b3 Rcd8 27. Bd3 Bc4 28. Rhd2 Bxd3 29. Rxd3 Rxd3 30. Rxd3 Qe1+ 31. Kb2 Qg3 32. Qf5 Qxg1 33. Rd7 Nd8 34. Qh5 Rf8 35. Qxe5 Qg6 0-1

[Event "Bayern-chI Bank Hofmann 23rd"]
[Site "Tegernsee"]
[Date "2019.10.29"]
[Round "4"]
[White "Kraich, Klaus"]
[Black "Hoffmann, Michael"]
[Result "0-1"]
[WhiteElo "2183"]
[BlackElo "2445"]
[PlyCount "42"]
[EventDate "2019.10.26"]
[EventType "swiss"]
[EventRounds "9"]
[EventCountry "GER"]
[SourceTitle "CBM 192 Extra"]
[Source "Chessbase"]
[SourceDate "2019.11.06"]
[SourceVersion "1"]
[SourceVersionDate "2019.11.06"]
[SourceQuality "1"]

1. b3 e5 2. Bb2 d6 3. e3 Nf6 4. c4 g6 5. Na3 Bg7 6. Nf3 0-0 7. d4 exd4 8. Nxd4 Re8 9. Be2 Ne4 10. Qc1 Qf6 11. Bf3 c5 12. Nab5 cxd4 13. Nc7 Qd8 14. Nxe8 Qxe8 15. 0-0 dxe3 16. Bxg7 exf2+ 17. Rxf2 Nxf2 18. Qc3 Nd3 19. Kf1 Nc6 20. Rd1 Bf5 21. Bd5 Qe3 0-1

[Event "Bayern-chI Bank Hofmann 23rd"]
[Site "Tegernsee"]
[Date "2019.10.28"]
[Round "3"]
[White "Hoffmann, Michael"]
[Black "Richter, Nils"]
[Result "1/2-1/2"]
[WhiteElo "2445"]
[BlackElo "2213"]
[PlyCount "90"]
[EventDate "2019.10.26"]
[EventType "swiss"]
[EventRounds "9"]
[EventCountry "GER"]
[SourceTitle "CBM 192 Extra"]
[Source "Chessbase"]
[SourceDate "2019.11.06"]
[SourceVersion "1"]
[SourceVersionDate "2019.11.06"]
[SourceQuality "1"]

1. e4 c5 2. Nf3 e6 3. d4 cxd4 4. Nxd4 Nc6 5. Nc3 Qc7 6. Be3 a6 7. Qf3 Nf6 8. 0-0-0 Ne5 9. Qg3 b5 10. Bxb5 axb5 11. Ndxb5 Qb8 12. Bf4 d6 13. Rxd6 Nh5 14. Qg5 Bxd6 15. Nxd6+ Qxd6 16. Bxe5 Ra5 17. f4 Nxf4 18. Nd5 Rxd5 19. exd5 Qxd5 20. Bxf4 Qxg5 21. Bxg5 Bb7 22. Rd1 f6 23. Be3 0-0 24. g3 e5 25. Bc5 Re8 26. Bb6 f5 27. Rd8 Rxd8 28. Bxd8 Kf7 29. a4 f4 30. gxf4 exf4 31. Bg5 f3 32. Kd2 Ke6 33. Ke3 Kf5 34. Bh4 g5 35. Bg3 h5 36. b4 h4 37. Bc7 g4 38. b5 Ke6 39. c4 Be4 40. a5 Kd7 41. Bf4 f2 42. Kxf2 Bd3 43. b6 Kc6 44. c5 Ba6 45. Bg5 g3+ 1/2-1/2

[Event "Arber op 8th"]
[Site "Bodenmais"]
[Date "2019.08.04"]
[Round "9"]
[White "Hoffmann, Michael"]
[Black "Delchev, Aleksander"]
[Result "1/2-1/2"]
[WhiteElo "2438"]
[BlackElo "2571"]
[PlyCount "27"]
[EventDate "2019.07.27"]
[EventType "swiss"]
[EventRounds "9"]
[EventCountry "GER"]
[SourceTitle "CBM 191 Extra"]
[Source "ChessBase"]
[SourceDate "2019.09.30"]
[SourceVersion "1"]
[SourceVersionDate "2019.09.30"]
[SourceQuality "1"]

1. c4 e5 2. Nc3 Bb4 3. Nd5 Bc5 4. b4 Bf8 5. Bb2 c6 6. Ne3 d6 7. Qc2 Nf6 8. g3 Ng4 9. Nxg4 Bxg4 10. Bg2 Be7 11. Nf3 Bf6 12. 0-0 0-0 13. h3 Bh5 14. e3 1/2-1/2

[Event "BEL-chT 1819"]
[Site "Belgium"]
[Date "2019.03.31"]
[Round "10.1"]
[White "Hoffmann, Michael"]
[Black "Korneev, Oleg"]
[Result "1/2-1/2"]
[WhiteElo "2441"]
[BlackElo "2547"]
[PlyCount "36"]
[EventDate "2018.09.30"]
[EventType "team-tourn"]
[EventRounds "11"]
[EventCountry "BEL"]
[SourceTitle "CBM 189 Extra"]
[Source "ChessBase"]
[SourceDate "2019.05.31"]
[SourceVersion "1"]
[SourceVersionDate "2019.05.31"]
[SourceQuality "1"]
[WhiteTeam "KSK47 Eynatten"]
[BlackTeam "KSK Rochade"]
[WhiteTeamCountry "BEL"]
[BlackTeamCountry "BEL"]

1. e4 e5 2. Nf3 Nc6 3. Bb5 Nf6 4. 0-0 Nxe4 5. Re1 Nd6 6. a4 Be7 7. Nc3 0-0 8. d4 e4 9. Nxe4 Nxe4 10. Rxe4 a6 11. Bd3 d5 12. Re3 Nb4 13. Bf1 Bf5 14. c3 Nc6 15. Bd3 Bxd3 16. Qxd3 Re8 17. Bd2 Qd7 18. Rae1 Bf8 1/2-1/2

[Event "Bayern-chI Bank Hofmann 22nd"]
[Site "Tegernsee"]
[Date "2018.10.30"]
[Round "4"]
[White "Nisipeanu, Liviu Dieter"]
[Black "Hoffmann, Michael"]
[Result "1-0"]
[WhiteElo "2667"]
[BlackElo "2441"]
[PlyCount "89"]
[EventDate "2018.10.27"]
[EventType "swiss"]
[EventRounds "9"]
[EventCountry "GER"]
[SourceTitle "CBM 187 Extra"]
[Source "ChessBase"]
[SourceDate "2018.11.04"]
[SourceVersion "1"]
[SourceVersionDate "2018.11.04"]
[SourceQuality "1"]

1. e4 c5 2. Nf3 d6 3. d4 cxd4 4. Nxd4 Nf6 5. Nc3 a6 6. Be3 Ng4 7. Bg5 h6 8. Bc1 Nf6 9. Bc4 e6 10. Bb3 Nbd7 11. f4 Nc5 12. e5 Nfd7 13. Be3 dxe5 14. fxe5 Nxe5 15. Qh5 Qc7 16. 0-0 g6 17. Qe2 Bd7 18. Bf4 Bd6 19. Rae1 f6 20. Ne4 Nxe4 21. Qxe4 Ke7 22. Bxe5 Bxe5 23. Nf3 Rag8 24. Nxe5 fxe5 25. Qb4+ Ke8 26. Rf6 a5 27. Qe4 Ke7 28. Ref1 Rg7 29. Rxg6 Qc5+ 30. Kh1 Rxg6 31. Qxg6 Rf8 32. Qg7+ Ke8 33. Rxf8+ Qxf8 34. Qxf8+ Kxf8 35. Kg1 Ke7 36. Kf2 Bc6 37. c3 Bd5 38. c4 Be4 39. g4 b6 40. Ke3 Bb1 41. a3 Kd6 42. Bd1 Bg6 43. b4 axb4 44. axb4 Ke7 45. Bf3 1-0

[Event "EU-Cup 34th"]
[Site "Porto Carras"]
[Date "2018.10.15"]
[Round "4.2"]
[White "Hoffmann, Michael"]
[Black "Kazakouski, Valery"]
[Result "0-1"]
[WhiteElo "2441"]
[BlackElo "2405"]
[PlyCount "88"]
[EventDate "2018.10.12"]
[EventType "team-swiss"]
[EventRounds "7"]
[EventCountry "GRE"]
[SourceTitle "CBM 187"]
[Source "ChessBase"]
[SourceDate "2018.12.11"]
[SourceVersion "1"]
[SourceVersionDate "2018.12.11"]
[SourceQuality "1"]
[WhiteTeam "Eynatten"]
[BlackTeam "Overtime"]
[WhiteTeamCountry "BEL"]
[BlackTeamCountry "LTU"]

1. d4 Nf6 2. c4 e6 3. Nc3 Bb4 4. Qc2 d5 5. a3 Bxc3+ 6. Qxc3 dxc4 7. Qxc4 b6 8. Nf3 Ba6 9. Qc2 h6 10. g3 Bb7 11. Bg2 Be4 12. Qa4+ Nc6 13. 0-0 0-0 14. Be3 Qd7 15. Nd2 Bxg2 16. Kxg2 Qd5+ 17. Nf3 Na5 18. Rac1 Rac8 19. Bf4 g5 20. Be5 Ne4 21. g4 Nb3 22. Rc2 f6 23. Bg3 f5 24. h3 f4 25. Bh2 Ned2 26. Rd1 Nxf3 27. exf3 Rfd8 28. Qxa7 Nxd4 29. Rxd4 Qxd4 30. Rxc7 Rxc7 31. Qxc7 Rd7 32. Qc6 Qd6 33. Qe4 Kg7 34. h4 Qd5 35. Qc2 Qd6 36. h5 Qd3 37. Qc6 Qd6 38. Qe4 e5 39. a4 Ra7 40. Qc4 Re7 41. Qe4 Re6 42. Qb7+ Qe7 43. Qe4 Qd7 44. Qa8 e4 0-1

[Event "BEL-chT 1718"]
[Site "Belgium"]
[Date "2018.04.22"]
[Round "10.2"]
[White "Hoffmann, Michael"]
[Black "Edouard, Romain"]
[Result "1/2-1/2"]
[WhiteElo "2462"]
[BlackElo "2607"]
[PlyCount "32"]
[EventDate "2017.09.24"]
[EventType "team-tourn"]
[EventRounds "11"]
[EventCountry "BEL"]
[SourceTitle "EXT 2019"]
[Source "ChessBase"]
[SourceDate "2018.10.10"]
[SourceVersion "1"]
[SourceVersionDate "2018.10.10"]
[SourceQuality "1"]
[WhiteTeam "Eynatten"]
[BlackTeam "KGSRL"]
[WhiteTeamCountry "BEL"]
[BlackTeamCountry "BEL"]

1. e4 c5 2. Nf3 Nc6 3. d4 cxd4 4. Nxd4 e5 5. Nb5 d6 6. N1c3 a6 7. Na3 Be6 8. Nc4 b5 9. Ne3 Nf6 10. g3 Be7 11. Bg2 0-0 12. 0-0 Rc8 13. Ncd5 Bxd5 14. exd5 Na5 15. b3 Re8 16. Bd2 Nb7 1/2-1/2